000 00590nam a2200193 i 4500
001 76369
003 ES-MaACL
005 20230906172823.0
007 t|
008 040930s1966 sp ||||1| spa d
100 0 _aGuezala, Antonio.
_960611
245 1 0 _aEscudo de Bilbao /
_cAntonio Guezala . Toponimia de Bilbao / Teófilo Guiard.
260 _aBilbao :
_bVillar,
_c[1966]
300 _a180 p. :
_bil. ;
_c16 cm.
650 4 _aHeráldica-
_zBilbao.
_9157594
700 0 _aGuiard y Larrauri, Teófilo.
_960629
740 0 _aToponimia de Bilbao.
852 _aES-MaACL
_jC-30075
_bR.60246
999 _c76369
_d76369